[Event "Jesenik Rapid op"]
[Site "Jesenik"]
[Date "2023.08.18"]
[Round "4"]
[White "Gregor, Pavel"]
[Black "Eretova, Jana"]
[Result "0-1"]
[WhiteElo "1519"]
[BlackElo "2020"]
[PlyCount "92"]
[EventDate "2023.08.18"]
[EventType "swiss (rapid)"]
[EventRounds "9"]
[EventCountry "CZE"]
[SourceTitle "EXT 2024"]
[Source "ChessBase"]
[SourceDate "2023.10.10"]
[SourceVersion "1"]
[SourceVersionDate "2023.10.10"]
[SourceQuality "1"]

1. d4 d6 2. c4 f5 3. Nf3 Nf6 4. Nc3 g6 5. e3 Bg7 6. Bd3 0-0 7. Ne2 Qe8 8. Bd2 e5 9. Bc2 a5 10. a4 Ne4 11. Bxe4 fxe4 12. Nfg1 Qf7 13. f3 exf3 14. gxf3 Qxc4 15. Rc1 Qf7 16. Bc3 e4 17. f4 Nc6 18. Ng3 g5 19. N1e2 Bg4 20. Qd2 Bf3 21. Rg1 h5 22. fxg5 h4 23. Nf1 Qf5 24. Nf4 Ne7 25. Qf2 Nd5 26. Qxh4 Nxf4 27. exf4 Qxf4 28. Qxf4 Rxf4 29. Ne3 c6 30. Kd2 Rh4 31. Nf1 Re8 32. Re1 b6 33. Re3 c5 34. d5 Bd4 35. Bxd4 cxd4 36. Rb3 e3+ 37. Ke1 Bxd5 38. Rxb6 d3 39. Rxd6 d2+ 40. Nxd2 exd2+ 41. Kxd2 Rxh2+ 42. Kc1 Bb3 43. Rd2 Rc8+ 44. Kb1 Rxd2 45. Ka1 Rd1+ 46. Rxd1 Bxd1 0-1

[Event "Jesenik Rapid op"]
[Site "Jesenik"]
[Date "2023.08.18"]
[Round "8"]
[White "Vranova, Zdenka"]
[Black "Eretova, Jana"]
[Result "1-0"]
[WhiteElo "1775"]
[BlackElo "2020"]
[PlyCount "71"]
[EventDate "2023.08.18"]
[EventType "swiss (rapid)"]
[EventRounds "9"]
[EventCountry "CZE"]
[SourceTitle "EXT 2024"]
[Source "ChessBase"]
[SourceDate "2023.10.10"]
[SourceVersion "1"]
[SourceVersionDate "2023.10.10"]
[SourceQuality "1"]

1. e4 c5 2. Nf3 e6 3. Bc4 a6 4. c3 d5 5. exd5 exd5 6. Qe2+ Be7 7. Bb3 Nf6 8. d4 0-0 9. 0-0 Bg4 10. Be3 b6 11. Nbd2 Nc6 12. dxc5 bxc5 13. Bc2 d4 14. cxd4 cxd4 15. Bg5 Nb4 16. Bb1 g6 17. a3 Nbd5 18. h3 Bxf3 19. Nxf3 Nc7 20. Rd1 Ne6 21. Bh6 Re8 22. Ba2 Bc5 23. Qc4 Qb6 24. b4 Bf8 25. Bxf8 Rxf8 26. Ne5 Rac8 27. Qd3 Rc3 28. Qd2 Ne4 29. Qe1 N6g5 30. Nd7 Qa7 31. Nxf8 d3 32. h4 Rc2 33. Qe3 Nxf2 34. Qxa7 Nf3+ 35. gxf3 Nh3+ 36. Kf1 1-0

[Event "CZE-chT2A 2223"]
[Site "Czech Republic"]
[Date "2023.01.08"]
[Round "6.4"]
[White "Domlatil, Jiri"]
[Black "Eretova, Jana"]
[Result "1/2-1/2"]
[WhiteElo "2046"]
[BlackElo "2021"]
[PlyCount "31"]
[EventDate "2022.10.16"]
[EventType "team-tourn"]
[EventRounds "11"]
[EventCountry "CZE"]
[SourceTitle "EXT 2024"]
[Source "ChessBase"]
[SourceDate "2023.10.10"]
[SourceVersion "1"]
[SourceVersionDate "2023.10.10"]
[SourceQuality "1"]
[WhiteTeam "Vysehrad II"]
[BlackTeam "Klatovy"]
[WhiteTeamCountry "CZE"]
[BlackTeamCountry "CZE"]

1. e4 c5 2. Nc3 e6 3. f4 d5 4. Nf3 a6 5. g3 Nc6 6. Bg2 Be7 7. d3 dxe4 8. Nxe4 Nf6 9. 0-0 Nxe4 10. dxe4 Qxd1 11. Rxd1 Bd7 12. Be3 0-0-0 13. Rd2 f6 14. Rad1 Kc7 15. e5 Bc8 16. Kf2 1/2-1/2

[Event "CZE-chT2C 1920"]
[Site "Czech Republic"]
[Date "2019.10.13"]
[Round "1.7"]
[White "Kostelecky, Daniel"]
[Black "Eretova, Jana"]
[Result "0-1"]
[WhiteElo "1957"]
[BlackElo "1994"]
[PlyCount "100"]
[EventDate "2019.10.13"]
[EventType "team-tourn"]
[EventRounds "11"]
[EventCountry "CZE"]
[SourceTitle "EXT 2024"]
[Source "ChessBase"]
[SourceDate "2023.10.10"]
[SourceVersion "1"]
[SourceVersionDate "2023.10.10"]
[SourceQuality "1"]
[WhiteTeam "Kobylisy II"]
[BlackTeam "Kolin"]
[WhiteTeamCountry "CZE"]
[BlackTeamCountry "CZE"]

1. e4 c5 2. Nc3 e6 3. f4 Nc6 4. Nf3 a6 5. a4 d5 6. e5 Nge7 7. Be2 Nf5 8. 0-0 Be7 9. g4 Nfd4 10. Nxd4 Nxd4 11. Bf3 Bd7 12. Bg2 c4 13. Kh1 h5 14. gxh5 Bc5 15. Qg4 Nf5 16. Ne2 Qe7 17. Rf3 0-0-0 18. b3 Nh4 19. Rg3 Bc6 20. d4 cxd3 21. cxd3 Bf2 22. Ba3 Qc7 23. Qxh4 g6 24. h6 Bxg3 25. hxg3 Rh7 26. g4 g5 27. Qh2 Rg8 28. Bc1 Qb6 29. d4 gxf4 30. Qxf4 Qxb3 31. Bd2 Bxa4 32. Nc3 Bc6 33. Rb1 Qc2 34. g5 Qg6 35. Bf3 Rgh8 36. Rf1 Qd3 37. Rf2 a5 38. Bh5 Be8 39. Be2 Qg6 40. Qe3 Rg8 41. Bd3 Rxh6+ 42. Kg1 Qh5 43. Kf1 Qh1+ 44. Ke2 Rh3 45. Qf4 Rh4 46. Qf6 Rxd4 47. Qe7 Qh5+ 48. Ke1 Rxd3 49. Ne2 Rxd2 50. Qc5+ Bc6 0-1

[Event "CZE-chT2A 1819"]
[Site "Czech Republic"]
[Date "2019.03.31"]
[Round "11.7"]
[White "Vorisek, Jakub"]
[Black "Eretova, Jana"]
[Result "1-0"]
[WhiteElo "2056"]
[BlackElo "1999"]
[PlyCount "75"]
[EventDate "2018.10.14"]
[EventType "team-tourn"]
[EventRounds "11"]
[EventCountry "CZE"]
[SourceTitle "EXT 2022"]
[Source "ChessBase"]
[SourceDate "2021.10.06"]
[SourceVersion "1"]
[SourceVersionDate "2021.10.06"]
[SourceQuality "1"]
[WhiteTeam "Vlasim"]
[BlackTeam "Klatovy"]
[WhiteTeamCountry "CZE"]
[BlackTeamCountry "CZE"]

1. e4 d6 2. d4 Nf6 3. Nc3 e5 4. Nf3 Nbd7 5. Bc4 Be7 6. 0-0 0-0 7. h3 c6 8. a4 a5 9. Re1 Qc7 10. Bg5 Nb6 11. Bb3 Be6 12. Bxe6 fxe6 13. dxe5 dxe5 14. Qe2 h6 15. Bh4 Bb4 16. Bg3 Nfd7 17. Red1 Rf7 18. Nb1 Re8 19. c3 Bd6 20. Nbd2 Nf6 21. Bh2 Nh5 22. Nc4 Nxc4 23. Qxc4 Nf4 24. Bxf4 Rxf4 25. Rd2 Bf8 26. Rad1 Rf7 27. Rd3 Qb6 28. R1d2 Bc5 29. Kh1 Bxf2 30. Nxe5 Be1 31. Nxf7 Bxd2 32. Nd6 Qf2 33. Rf3 Qe1+ 34. Rf1 Qg3 35. Nxe8 Bf4 36. Qxe6+ Kh8 37. Rxf4 Qxf4 38. Qg4 1-0

[Event "CZE-chT2A 1819"]
[Site "Czech Republic"]
[Date "2019.02.24"]
[Round "9.8"]
[White "Eretova, Jana"]
[Black "Brom, Jiri"]
[Result "0-1"]
[WhiteElo "1999"]
[BlackElo "1982"]
[PlyCount "116"]
[EventDate "2018.10.14"]
[EventType "team-tourn"]
[EventRounds "11"]
[EventCountry "CZE"]
[SourceTitle "EXT 2022"]
[Source "ChessBase"]
[SourceDate "2021.10.06"]
[SourceVersion "1"]
[SourceVersionDate "2021.10.06"]
[SourceQuality "1"]
[WhiteTeam "Klatovy"]
[BlackTeam "Tabor"]
[WhiteTeamCountry "CZE"]
[BlackTeamCountry "CZE"]

1. e4 c5 2. Nf3 Nc6 3. d3 d6 4. g3 Nf6 5. Bg2 e6 6. 0-0 Be7 7. Nbd2 0-0 8. Re1 Qc7 9. h4 b6 10. Nf1 Bb7 11. c3 Rac8 12. N3h2 d5 13. Bf4 e5 14. exd5 exf4 15. dxc6 Ba8 16. g4 Ne8 17. g5 Bd6 18. Qg4 Bxc6 19. Bh3 Rd8 20. Qh5 Bb7 21. Qe2 Qc6 22. f3 Nc7 23. Bf5 Rde8 24. Qg2 Nd5 25. Be4 Qc8 26. Ng4 Kh8 27. a3 Ba8 28. Re2 f5 29. gxf6 gxf6 30. Nh6 Re7 31. Kh1 Rg7 32. Qh2 f5 33. Nxf5 Rxf5 34. Bxf5 Qxf5 35. Re8+ Rg8 36. Rxg8+ Kxg8 37. Qg2+ Kf7 38. Re1 Be7 39. Re4 Bxh4 40. Kh2 Nf6 41. Ra4 a5 42. Qd2 Bg5 43. Qe2 Bc6 44. Rc4 Bb5 45. Nd2 Bxc4 46. Nxc4 Kg6 47. Nd6 Qd5 48. Nc8 Nd7 49. Ne7+ Bxe7 50. Qxe7 Nf6 51. Qe2 a4 52. Kg2 Qg5+ 53. Kh2 Qg3+ 54. Kh1 h5 55. d4 cxd4 56. cxd4 h4 57. Qc2+ Kg5 58. Qxa4 Qxf3+ 0-1

[Event "CZE-chT2A 1718"]
[Site "Czech Republic"]
[Date "2017.12.17"]
[Round "5.5"]
[White "Krajic, Karel"]
[Black "Eretova, Jana"]
[Result "1-0"]
[WhiteElo "2030"]
[BlackElo "1991"]
[PlyCount "81"]
[EventDate "2017.10.15"]
[EventType "team-tourn"]
[EventRounds "11"]
[EventCountry "CZE"]
[SourceTitle "EXT 2022"]
[Source "ChessBase"]
[SourceDate "2021.10.06"]
[SourceVersion "1"]
[SourceVersionDate "2021.10.06"]
[SourceQuality "1"]
[WhiteTeam "Most Chess"]
[BlackTeam "Klatovy"]
[WhiteTeamCountry "CZE"]
[BlackTeamCountry "CZE"]

1. e4 c5 2. Nc3 e6 3. f4 Nc6 4. Nf3 a6 5. a4 Nge7 6. Be2 Nd4 7. 0-0 Nec6 8. d3 Be7 9. Be3 d5 10. Bf2 0-0 11. exd5 exd5 12. Nxd4 cxd4 13. Nb1 Bd6 14. Bg3 Ne7 15. Bh4 Qc7 16. Bxe7 Qxe7 17. Qd2 Bd7 18. Bf3 Bc6 19. g3 Rfe8 20. Qf2 Qf6 21. Nd2 Re3 22. Nb3 Rae8 23. Na5 Bb4 24. Nb3 Bd6 25. Na5 Bd7 26. Nb3 Bh3 27. Rfe1 g5 28. c3 gxf4 29. Nxd4 Bc5 30. gxf4 Bxd4 31. cxd4 Qxd4 32. Rxe3 Rxe3 33. Rd1 Qxf4 34. Be2 Qe5 35. Bf1 Be6 36. d4 Qg5+ 37. Kh1 Re4 38. Be2 Kf8 39. Rg1 Qe3 40. Qf6 Qxe2 41. Qd8# 1-0

[Event "Prague Menchik Memorial rapid"]
[Site "Prague"]
[Date "2016.09.18"]
[Round "2"]
[White "Cernousek, Lukas"]
[Black "Eretova, Jana"]
[Result "1-0"]
[WhiteElo "2494"]
[BlackElo "2037"]
[PlyCount "49"]
[EventDate "2016.09.18"]
[EventType "swiss (rapid)"]
[EventRounds "9"]
[EventCountry "CZE"]
[SourceTitle "CBM 174 Extra"]
[Source "ChessBase"]
[SourceDate "2016.10.10"]
[SourceVersion "1"]
[SourceVersionDate "2016.10.10"]
[SourceQuality "1"]

1. Nf3 c5 2. c4 g6 3. d4 Bg7 4. e4 cxd4 5. Nxd4 Nc6 6. Be3 d6 7. Nc3 Nf6 8. Be2 0-0 9. 0-0 Nxd4 10. Bxd4 Be6 11. f4 Qc8 12. Nd5 Bxd5 13. exd5 Qd7 14. Bd3 a6 15. a4 Rac8 16. a5 e6 17. dxe6 fxe6 18. Qe2 Ne8 19. Bb6 Nc7 20. Rad1 Rce8 21. b3 d5 22. Qe3 Na8 23. Bc5 Rf7 24. Be4 Qc7 25. Bxd5 1-0

[Event "Stare Mesto op"]
[Site "Stare Mesto"]
[Date "2016.08.12"]
[Round "9"]
[White "Eretova, Jana"]
[Black "Vojacek, Zdenek"]
[Result "0-1"]
[WhiteElo "2078"]
[BlackElo "1840"]
[PlyCount "60"]
[EventDate "2016.08.05"]
[EventType "swiss"]
[EventRounds "10"]
[EventCountry "CZE"]
[SourceTitle "CBM 173 Extra"]
[Source "ChessBase"]
[SourceDate "2016.08.29"]
[SourceVersion "1"]
[SourceVersionDate "2016.08.29"]
[SourceQuality "1"]

1. e4 c5 2. Nc3 Nc6 3. f4 d6 4. Nf3 g6 5. Bb5 Bg7 6. 0-0 Bd7 7. d3 e6 8. Be3 Nge7 9. Qe1 a6 10. Bxc6 Bxc6 11. Rb1 Rc8 12. Kh1 Bd7 13. g4 f5 14. gxf5 exf5 15. Qf2 0-0 16. e5 Bc6 17. Kg1 Bxf3 18. Qxf3 dxe5 19. Qxb7 exf4 20. Bxf4 Bd4+ 21. Kg2 Nc6 22. Qxa6 g5 23. Qc4+ Kg7 24. Bd2 Ne5 25. Qe6 Rc6 26. Qd5 Rd6 27. Qb7+ Rf7 28. Qb5 Qa8+ 29. Ne4 fxe4 30. Rxf7+ Nxf7 0-1

[Event "Stare Mesto op"]
[Site "Stare Mesto"]
[Date "2016.08.11"]
[Round "8"]
[White "Balazec, Ludovit"]
[Black "Eretova, Jana"]
[Result "1/2-1/2"]
[WhiteElo "1929"]
[BlackElo "2078"]
[PlyCount "103"]
[EventDate "2016.08.05"]
[EventType "swiss"]
[EventRounds "10"]
[EventCountry "CZE"]
[SourceTitle "CBM 173 Extra"]
[Source "ChessBase"]
[SourceDate "2016.08.29"]
[SourceVersion "1"]
[SourceVersionDate "2016.08.29"]
[SourceQuality "1"]

1. e4 c5 2. Nc3 e6 3. Nf3 a6 4. d4 cxd4 5. Nxd4 Nc6 6. a3 Qc7 7. g3 Nf6 8. Nxc6 bxc6 9. Bg2 h5 10. h4 Bc5 11. Qf3 Ng4 12. Nd1 a5 13. Bf4 e5 14. Bd2 Ba6 15. Bh3 Nf6 16. Be3 Be7 17. Bf1 Bb7 18. Nc3 d5 19. exd5 cxd5 20. Bg2 Rb8 21. Qe2 d4 22. Nb5 Qc5 23. b4 axb4 24. axb4 Qxb4+ 25. Bd2 Qc5 26. Bxb7 Rxb7 27. Rb1 0-0 28. c4 e4 29. Bb4 Qe5 30. Bxe7 Rxe7 31. 0-0 e3 32. f4 Qe4 33. Rbd1 Rd8 34. Rd3 Ng4 35. Nc3 Qf5 36. Nd5 Rxd5 37. cxd5 Nf2 38. Rxd4 Qh3 39. Qf3 e2 40. Re1 Ng4 41. Qg2 Qxg2+ 42. Kxg2 Ne3+ 43. Kf2 Nc2 44. d6 Rd7 45. Rd2 Nxe1 46. Kxe1 f5 47. Rd5 g6 48. Kxe2 Kf7 49. Kd3 Ke6 50. Kc4 Rxd6 51. Rxd6+ Kxd6 52. Kd4 1/2-1/2

[Event "Stare Mesto op"]
[Site "Stare Mesto"]
[Date "2016.08.08"]
[Round "5"]
[White "Eretova, Jana"]
[Black "Krizek, Frantisek"]
[Result "1/2-1/2"]
[WhiteElo "2078"]
[BlackElo "1924"]
[PlyCount "89"]
[EventDate "2016.08.05"]
[EventType "swiss"]
[EventRounds "10"]
[EventCountry "CZE"]
[SourceTitle "CBM 173 Extra"]
[Source "ChessBase"]
[SourceDate "2016.08.29"]
[SourceVersion "1"]
[SourceVersionDate "2016.08.29"]
[SourceQuality "1"]

1. e4 c6 2. d3 e5 3. Nf3 d6 4. g3 Nf6 5. Bg2 Be7 6. 0-0 0-0 7. Nbd2 Bg4 8. h3 Bh5 9. c3 Nbd7 10. Re1 Qc7 11. Qc2 Rfe8 12. Nf1 Bf8 13. Nh4 Qd8 14. f4 exf4 15. Bxf4 Ne5 16. d4 Ng6 17. Bg5 Nxh4 18. Bxh4 Be7 19. Qb3 Qd7 20. g4 Bg6 21. Bf2 d5 22. e5 Ne4 23. Bxe4 Bxe4 24. Ng3 Bg6 25. Qd1 Bh4 26. Nh1 Bd8 27. Bg3 b5 28. a3 Bb6 29. Nf2 a5 30. Nd3 Bxd3 31. Qxd3 a4 32. Re2 Qe6 33. Rf1 Bd8 34. Qf5 Ra7 35. Ref2 g6 36. Qd3 Rf8 37. Qe3 f5 38. Qh6 Raf7 39. Bh4 Bxh4 40. Qxh4 fxg4 41. Rxf7 Rxf7 42. Rxf7 Kxf7 43. hxg4 Kg7 44. Kg2 h6 45. Qg3 1/2-1/2

[Event "Vsetin op 41st"]
[Site "Vsetin"]
[Date "2016.07.09"]
[Round "9"]
[White "Zajicek, Petr"]
[Black "Eretova, Jana"]
[Result "1-0"]
[WhiteElo "2033"]
[BlackElo "2090"]
[PlyCount "77"]
[EventDate "2016.07.02"]
[EventType "swiss"]
[EventRounds "9"]
[EventCountry "CZE"]
[SourceTitle "CBM 173 Extra"]
[Source "ChessBase"]
[SourceDate "2016.08.29"]
[SourceVersion "1"]
[SourceVersionDate "2016.08.29"]
[SourceQuality "1"]

1. f4 g6 2. g3 Bg7 3. Bg2 c5 4. e4 Nc6 5. c3 e6 6. Qb3 Nge7 7. Qb5 b6 8. Nf3 Bb7 9. 0-0 0-0 10. Na3 d5 11. e5 a5 12. Qe2 Ba6 13. d3 Rc8 14. Nc2 h5 15. Bd2 Nf5 16. Rad1 b5 17. Be1 d4 18. Bf2 Qb6 19. Ng5 Nce7 20. h3 dxc3 21. bxc3 Nd5 22. Ne4 b4 23. Rb1 Qc7 24. c4 Nc3 25. Nxc3 bxc3 26. Qe1 Rb8 27. Qxc3 Rfd8 28. g4 hxg4 29. hxg4 Ne7 30. Qa3 g5 31. Rxb8 Rxb8 32. Bxc5 Ng6 33. Bd6 Qa7+ 34. c5 Nxf4 35. Qxa5 Rb2 36. Qd8+ Kh7 37. Be4+ Kh6 38. Rxf4 Rxc2 39. Rf6+ 1-0

[Event "Vsetin op 41st"]
[Site "Vsetin"]
[Date "2016.07.06"]
[Round "6"]
[White "Eretova, Jana"]
[Black "Babula, Milan"]
[Result "1/2-1/2"]
[WhiteElo "2090"]
[BlackElo "2192"]
[PlyCount "95"]
[EventDate "2016.07.02"]
[EventType "swiss"]
[EventRounds "9"]
[EventCountry "CZE"]
[SourceTitle "CBM 173 Extra"]
[Source "ChessBase"]
[SourceDate "2016.08.29"]
[SourceVersion "1"]
[SourceVersionDate "2016.08.29"]
[SourceQuality "1"]

1. Nf3 Nf6 2. g3 d5 3. Bg2 c5 4. d3 Nc6 5. Nbd2 e6 6. 0-0 Be7 7. e4 b6 8. Re1 Bb7 9. e5 Nd7 10. Nf1 Qc7 11. Bf4 h6 12. h4 0-0-0 13. c3 Rdg8 14. Qd2 Qd8 15. h5 g5 16. hxg6 fxg6 17. g4 g5 18. Bg3 Nf8 19. Rec1 Ng6 20. b4 Nh4 21. Bh1 h5 22. N3h2 Ng6 23. gxh5 Nf4 24. d4 Nh3+ 25. Kg2 Rxh5 26. Ne3 cxb4 27. cxb4 Nf4+ 28. Kg1 Nh3+ 29. Kg2 Kb8 30. b5 Na5 31. Kf1 Nf4 32. Bf3 Rh7 33. Neg4 Rf8 34. Qc2 Rhf7 35. Be2 Qd7 36. Bxf4 Rxf4 37. Qg6 Nc4 38. Kg1 Bd8 39. Rd1 Bc8 40. a4 R4f7 41. Bf1 Rh8 42. Rdc1 Rg7 43. Qd3 Rgh7 44. Qg3 Ka8 45. Bg2 Bb7 46. Rc2 Qf7 47. Rac1 Qf4 48. f3 1/2-1/2

[Event "Vsetin op 41st"]
[Site "Vsetin"]
[Date "2016.07.05"]
[Round "4"]
[White "Eretova, Jana"]
[Black "Weinzettl, Ernst"]
[Result "0-1"]
[WhiteElo "2090"]
[BlackElo "2300"]
[PlyCount "66"]
[EventDate "2016.07.02"]
[EventType "swiss"]
[EventRounds "9"]
[EventCountry "CZE"]
[SourceTitle "CBM 173 Extra"]
[Source "ChessBase"]
[SourceDate "2016.08.29"]
[SourceVersion "1"]
[SourceVersionDate "2016.08.29"]
[SourceQuality "1"]

1. e4 e6 2. d4 d5 3. e5 c5 4. c3 Nc6 5. Nf3 Bd7 6. Be2 Nge7 7. Na3 cxd4 8. cxd4 Ng6 9. Nc2 Be7 10. g3 0-0 11. Bd2 f6 12. Bc3 Nh8 13. exf6 gxf6 14. 0-0 Nf7 15. Re1 Nd6 16. Bd3 Qe8 17. Ne3 Qf7 18. Qe2 Rae8 19. b4 Qg7 20. b5 Nd8 21. a4 N8f7 22. Rac1 Bd8 23. Qa2 Kh8 24. Bb4 Rg8 25. Ng2 Qg4 26. Re3 Ne4 27. Qe2 f5 28. Ne5 Nxe5 29. dxe5 Nxf2 30. Qxg4 Nxg4 31. Re2 Bb6+ 32. Bc5 Rc8 33. Rec2 Rxc5 0-1

[Event "Vsetin op 41st"]
[Site "Vsetin"]
[Date "2016.07.03"]
[Round "2"]
[White "Eretova, Jana"]
[Black "Furman, Boris"]
[Result "1/2-1/2"]
[WhiteElo "2090"]
[BlackElo "2213"]
[PlyCount "71"]
[EventDate "2016.07.02"]
[EventType "swiss"]
[EventRounds "9"]
[EventCountry "CZE"]
[SourceTitle "CBM 173 Extra"]
[Source "ChessBase"]
[SourceDate "2016.08.29"]
[SourceVersion "1"]
[SourceVersionDate "2016.08.29"]
[SourceQuality "1"]

1. e4 c5 2. Nf3 Nc6 3. d3 g6 4. g3 Bg7 5. Bg2 e5 6. 0-0 Nge7 7. Nbd2 d6 8. c3 0-0 9. Re1 h6 10. a4 Be6 11. Nc4 Qd7 12. a5 f5 13. exf5 gxf5 14. Qe2 Rae8 15. Nfd2 d5 16. Nxe5 Nxe5 17. f4 Nxd3 18. Qxd3 Kh8 19. Nf3 Qd6 20. Ne5 Bc8 21. Qf3 Kh7 22. Bd2 Be6 23. Qh5 Bg8 24. Re2 Nc6 25. Rae1 Nxe5 26. fxe5 Qg6 27. Qxg6+ Kxg6 28. e6 d4 29. Bxb7 Re7 30. Bd5 Rb8 31. Bf4 Rd8 32. c4 h5 33. Rd1 Bh6 34. Bxh6 Kxh6 35. Kf2 Kg5 36. Kf3 1/2-1/2

[Event "CZE-chT2A 1314"]
[Site "Czech Republic"]
[Date "2014.03.23"]
[Round "10.4"]
[White "Eretova, Jana"]
[Black "Roj, Miroslav"]
[Result "1-0"]
[WhiteElo "2092"]
[BlackElo "2165"]
[PlyCount "39"]
[EventDate "2013.11.03"]
[EventType "team-tourn"]
[EventRounds "11"]
[EventCountry "CZE"]
[SourceTitle "EXT 2015"]
[Source "ChessBase"]
[SourceDate "2014.11.20"]
[SourceVersion "1"]
[SourceVersionDate "2014.11.20"]
[SourceQuality "1"]
[WhiteTeam "Klatovy"]
[BlackTeam "Pisek"]
[WhiteTeamCountry "CZE"]
[BlackTeamCountry "CZE"]

1. Nf3 g6 2. g3 Bg7 3. Bg2 e5 4. d3 d5 5. e4 c6 6. 0-0 Ne7 7. Qe2 d4 8. Nh4 0-0 9. f4 exf4 10. Bxf4 c5 11. Na3 h6 12. Nb5 a6 13. Nd6 g5 14. Nxc8 Qxc8 15. Bd6 Re8 16. Bxe7 Rxe7 17. Nf5 Rc7 18. e5 Qe6 19. Nxg7 Kxg7 20. Rf6 1-0

[Event "CZE-chT2A 1314"]
[Site "Czech Republic"]
[Date "2014.01.05"]
[Round "5.2"]
[White "Eretova, Jana"]
[Black "Haman, Jakub"]
[Result "1-0"]
[WhiteElo "2092"]
[BlackElo "2182"]
[PlyCount "171"]
[EventDate "2013.11.03"]
[EventType "team-tourn"]
[EventRounds "11"]
[EventCountry "CZE"]
[SourceTitle "EXT 2015"]
[Source "ChessBase"]
[SourceDate "2014.11.20"]
[SourceVersion "1"]
[SourceVersionDate "2014.11.20"]
[SourceQuality "1"]
[WhiteTeam "Klatovy"]
[BlackTeam "Kladno"]
[WhiteTeamCountry "CZE"]
[BlackTeamCountry "CZE"]

1. Nf3 Nf6 2. g3 d5 3. Bg2 c5 4. 0-0 Nc6 5. d3 g6 6. Nbd2 Bg7 7. e4 0-0 8. Re1 e5 9. exd5 Nxd5 10. Nc4 f6 11. a4 Be6 12. c3 Rc8 13. Nfd2 Qe7 14. Qe2 Rfe8 15. f4 Rcd8 16. fxe5 Nxe5 17. Nxe5 fxe5 18. Ne4 h6 19. Bd2 Kh7 20. a5 Nf6 21. a6 b6 22. Rf1 Bf5 23. Nxf6+ Bxf6 24. Be4 Bxe4 25. Qxe4 Bg7 26. Rf3 Rd7 27. Raf1 Red8 28. h4 c4 29. h5 Qd6 30. Bxh6 Bxh6 31. Rf7+ Rxf7 32. Rxf7+ Kg8 33. Rxa7 Qxd3 34. Qxg6+ Qxg6 35. hxg6 Rd1+ 36. Kf2 Rd2+ 37. Kf3 Rxb2 38. Rb7 Ra2 39. a7 Bd2 40. Rb8+ Kg7 41. a8Q Rxa8 42. Rxa8 Bxc3 43. Rc8 b5 44. Rc5 Bd4 45. Rxb5 c3 46. Rb7+ Kxg6 47. Rc7 Kf5 48. g4+ Kg5 49. Rf7 Kg6 50. Rf8 Kg7 51. Rc8 Kg6 52. Ke4 Kf6 53. Kd3 Kg6 54. Rf8 Kg5 55. Rg8+ Kf6 56. Ke4 Kf7 57. Rc8 Kf6 58. Rc6+ Kg5 59. Kf3 Kh4 60. Rg6 Ba7 61. Rg8 Bc5 62. Rh8+ Kg5 63. Rh5+ Kf6 64. Rf5+ Ke6 65. Ke2 Ba3 66. Kd3 Bb2 67. Rf2 Kd5 68. g5 e4+ 69. Kc2 e3 70. Re2 Ke5 71. Rxe3+ Kf5 72. Rg3 Kg6 73. Rg2 Ba1 74. Rg1 Bb2 75. Kd3 Ba3 76. Kxc3 Bc5 77. Rg3 Bd6 78. Rg2 Bf4 79. Kd4 Bxg5 80. Ke5 Kh6 81. Kf5 Be3 82. Rg6+ Kh7 83. Kf6 Bd2 84. Kf7 Bc3 85. Rg3 Bh8 86. Rh3# 1-0

[Event "CZE-chT2A 1314"]
[Site "Czech Republic"]
[Date "2013.12.01"]
[Round "3.3"]
[White "Palek, Miroslav"]
[Black "Eretova, Jana"]
[Result "1/2-1/2"]
[WhiteElo "2233"]
[BlackElo "2092"]
[PlyCount "116"]
[EventDate "2013.11.03"]
[EventType "team-tourn"]
[EventRounds "11"]
[EventCountry "CZE"]
[SourceTitle "EXT 2015"]
[Source "ChessBase"]
[SourceDate "2014.11.20"]
[SourceVersion "1"]
[SourceVersionDate "2014.11.20"]
[SourceQuality "1"]
[WhiteTeam "Plzen Letna"]
[BlackTeam "Klatovy"]
[WhiteTeamCountry "CZE"]
[BlackTeamCountry "CZE"]

1. e4 c5 2. Nf3 e6 3. b3 a6 4. Bb2 d6 5. Be2 Nf6 6. d3 Be7 7. 0-0 0-0 8. Nbd2 Nc6 9. d4 cxd4 10. Nxd4 Nxd4 11. Bxd4 e5 12. Bb2 b5 13. c4 Qb6 14. h3 Bb7 15. Bd3 Bc6 16. Qe2 Qb7 17. Rfe1 Nd7 18. b4 Rac8 19. a4 bxc4 20. Bxc4 Qxb4 21. Ba3 Qb6 22. Bxa6 Ra8 23. Bb5 Nc5 24. Bxc5 dxc5 25. Nc4 Qc7 26. Bxc6 Qxc6 27. a5 h6 28. Nxe5 Qe6 29. Nc4 Bf6 30. e5 Rfe8 31. Qg4 Bg5 32. Qxe6 Rxe6 33. g3 Bd8 34. Reb1 Bc7 35. f4 f6 36. Rb7 Bd8 37. Kg2 fxe5 38. fxe5 Kh7 39. Kf3 Rea6 40. Rb5 Be7 41. Rb6 R6a7 42. a6 Bd8 43. Rb7 Rxa6 44. Rxa6 Rxa6 45. Rd7 Ba5 46. Ke4 Be1 47. g4 Ra2 48. Rd3 Bh4 49. Ne3 g6 50. Rd7+ Kg8 51. Rc7 Ra4+ 52. Kd5 Ra3 53. Ng2 Rd3+ 54. Ke6 Rxh3 55. Nxh4 Rxh4 56. Kf6 Rxg4 57. e6 Rf4+ 58. Kxg6 Kf8 1/2-1/2

[Event "CZE-chT2A 1314"]
[Site "Czech Republic"]
[Date "2013.11.17"]
[Round "2.3"]
[White "Eretova, Jana"]
[Black "Kepka, Miloslav"]
[Result "1-0"]
[WhiteElo "2092"]
[BlackElo "2024"]
[PlyCount "100"]
[EventDate "2013.11.03"]
[EventType "team-tourn"]
[EventRounds "11"]
[EventCountry "CZE"]
[SourceTitle "EXT 2015"]
[Source "ChessBase"]
[SourceDate "2014.11.20"]
[SourceVersion "1"]
[SourceVersionDate "2014.11.20"]
[SourceQuality "1"]
[WhiteTeam "Klatovy"]
[BlackTeam "Strakonice"]
[WhiteTeamCountry "CZE"]
[BlackTeamCountry "CZE"]

1. e4 e5 2. Nf3 Nf6 3. Nxe5 d6 4. Nf3 Nxe4 5. d4 d5 6. Bd3 Nc6 7. c3 Be7 8. 0-0 Bg4 9. Nbd2 f5 10. Qb3 0-0 11. Qxb7 Rf6 12. Qb3 Rb8 13. Qc2 Rg6 14. Kh1 Bd6 15. Ne5 Nxe5 16. dxe5 Bxe5 17. f4 Bd6 18. Nf3 Rh6 19. Bxe4 fxe4 20. Ng5 Rf6 21. Be3 h6 22. Nh3 Bxh3 23. gxh3 Qf8 24. Qd2 c6 25. Bxa7 Rb7 26. Be3 Rbf7 27. Qg2 Bxf4 28. Bd4 Rf5 29. Qg6 c5 30. Bg1 R7f6 31. Qg4 Qd6 32. Rad1 Qc6 33. Be3 Rg5 34. Qe2 Bxe3 35. Rxf6 Qxf6 36. Qxe3 Qc6 37. h4 Rf5 38. Kg1 Qg6+ 39. Qg3 Qb6 40. Qg4 Qe6 41. Qe2 Rf3 42. a4 Qe5 43. a5 d4 44. cxd4 cxd4 45. Qc4+ Kh8 46. Qxd4 Qf5 47. Qd7 Qf4 48. a6 Rf2 49. Qh3 Rf3 50. Qd7 e3 1-0